| 000 | 02086cam a2200445Ma 4500 | ||
|---|---|---|---|
| 001 | ocn277199613 | ||
| 003 | TZ-ArACH | ||
| 005 | 20140905143752.0 | ||
| 006 | m d | ||
| 007 | cr cn||||||||| | ||
| 008 | 081029s2005 ne ob 001 0 eng d | ||
| 020 | _z9004143629 | ||
| 020 | _z9789004143623 | ||
| 035 |
_a(OCoLC)277199613 _z(OCoLC)474787762 _z(OCoLC)474828158 _z(OCoLC)648203753 |
||
| 040 |
_aCaPaEBR _beng _cTZ-ArACH _dOCLCQ _dE7B _dOCLCQ _dDKDLA _dOCLCF _dOCLCO |
||
| 041 | 0 |
_aeng _afre |
|
| 043 | _af------ | ||
| 049 | _aTZAA | ||
| 050 | 4 |
_aKZ21 _b.A345 2003 |
|
| 245 | 0 | 0 |
_aAfrican yearbook of international law Vol. 11, 2003 = Annuaire Africain de droit international Vol. 11, 2003 _hBook _nVol. 11, 2003 / _cpublished under the auspices of the African Foundation for International Law ; edited by Abdulqawi A. Yusuf = Annuaire Africain de droit international / publieĢ sous les auspices de la Fondation Africaine pour le Droit International ; sous la direction de Abdulqawi A. Yusuf. |
| 246 | 3 | 1 | _aAnnuaire Africain de droit international |
| 260 |
_aLeiden : _bMartinus Nijhoff, _c2005. |
||
| 300 | _aBook | ||
| 490 | 1 | _aAfrican yearbook of international law | |
| 504 | _aIncludes bibliographical references and index. | ||
| 546 | _aEnglish and French. | ||
| 650 | 0 |
_aInternational law _zAfrica. _914424 |
|
| 650 | 0 |
_aInternational law. _914425 |
|
| 650 | 4 |
_aElectronic books. _914426 |
|
| 650 | 7 |
_aInternational law. _2fast _914427 |
|
| 651 | 7 |
_aAfrica. _2fast _914428 |
|
| 655 | 4 |
_aElectronic books. _914429 |
|
| 700 | 1 |
_aYusuf, Abdulqawi. _914430 |
|
| 710 | 2 |
_aAfrican Association of International Law. _914431 |
|
| 830 | 0 |
_aAfrican yearbook of international law. _914432 |
|
| 856 | 4 | 0 |
_3ebrary _uhttp://site.ebrary.com/id/10171762 |
| 942 |
_2lcc _cBOOK |
||
| 999 |
_c2943 _d2943 |
||